000 00881nmc a2200313 a 4500
003 AR-BaBNM
005 20251128204151.0
008 265019s1986 ||||||||||||||000 | spa||
020 _a950-25-1427-0
040 _cAR-BaBNM
100 1 _aCirigliano, Antonio Angel
245 1 0 _aFederico Pinedo
_bteoría y práctica de un liberal
260 _aBuenos Aires
_bCentro editor de América Latina
_c1986
300 _a157 p.
490 0 _aBiblioteca política Argentina
_vv. 163
600 1 4 _aJusto, Agustin P.
600 1 4 _aPinedo, Federico
650 4 _aHISTORIA POLITICA
650 4 _aHISTORIA ECONOMICA
650 4 _aPOLITICA ECONOMICA
650 4 _aCONSERVADURISMO
650 4 _aDOCTRINAS ECONOMICAS
650 4 _aDOCTRINAS POLITICAS
650 4 _aSIGLO VEINTE
651 4 _aArgentina
800 1 _aTroncoso, Oscar
_edirector
942 _cBK
998 _cGrace
999 _c6450
_d6450